Stranger Things Actors Quiz - Statistics

General Stats
  • This quiz has been taken 310 times
  • The average score is 13 of 20
Answer Stats
Character Actor % Correct
Jane Hopper/Eleven Millie Bobby Brown
99%
Mike Wheeler Finn Wolfhard
93%
Will Byers Noah Schnapp
90%
Max Mayfield Sadie Sink
90%
Steve Harrington Joe Keery
86%
Joyce Byers Winona Ryder
83%
Dustin Henderson Gaten Matarazzo
77%
Robin Buckley Maya Hawke
77%
Jim Hopper David Harbour
72%
Nancy Wheeler Natalia Dyer
72%
Lucas Sinclair Caleb McLaughlin
65%
Jonathan Byers Charlie Heaton
65%
Billy Hargrove Dacre Montgomery
57%
Henry Creel/Vecna Jamie Campbell Bower
54%
Eddie Munson Joseph Quinn
54%
Karen Wheeler Cara Buono
47%
Bob Newby Sean Astin
45%
Martin Brenner Matthew Modine
35%
Murray Bauman Brett Gelman
31%
Sam Owens Paul Reiser
26%
No matching quizzes found
Score Distribution
Percent of People with Each Score
Percentile by Number Answered
Your Score History
You have not taken this quiz